Urbanismo y subdesarrollo /

Estudio que plantea nuevas estrategias desarrollistas para la ordenación eficiente de una ciudad en contexto de subdesarrollo. El autor aplica los resultados de sus indagaciones en ocho proyectos de planes de desarrollo de igual número de ciudades de Brasil.

Guardat en:
Dades bibliogràfiques
Autor principal: Wilheim, Jorge (autor)
Format: Llibre
Idioma:espanyol
Publicat: Buenos Aires, Argentina : Nueva Visión, 1977, c1977
Col·lecció:(Arquitectura Contemporánea) [s.n.]
Matèries:
Etiquetes: Afegir etiqueta
Sense etiquetes, Sigues el primer a etiquetar aquest registre!

MARC

LEADER 00000nam^a2200000^a^4500
001 000332532
005 20250521000000.0
009 20260310114106.775
037 |a Acervo Xavier Clavigero 
041 |a ESP 
082 |a 711. 4  |b WIL 
100 |a Wilheim, Jorge  |e (autor) 
245 1 0 |a Urbanismo y subdesarrollo /  |c J. Wilheim ; tr. por Ernesto Vargas Cardozo. 
264 4 |a Buenos Aires, Argentina :  |b Nueva Visión,  |c 1977, c1977 
300 |a 270 p. 
336 |a texto  |b txt  |2 rdacontenido 
337 |a sin mediación  |b n  |2 rdamedio 
338 |a volumen  |b nc  |2 rdasoporte 
440 1 |a (Arquitectura Contemporánea) [s.n.] 
500 |a Traducción de: Urbanismo no subdesenvolvimento 
520 |a Estudio que plantea nuevas estrategias desarrollistas para la ordenación eficiente de una ciudad en contexto de subdesarrollo. El autor aplica los resultados de sus indagaciones en ocho proyectos de planes de desarrollo de igual número de ciudades de Brasil. 
649 |a XX 
650 |a Zonas Urbanas -  |z Brasil 
650 |a Zonas Urbanas 
650 |a Planeación Urbana -  |z Brasil 
650 |a Planeación Urbana 
650 |a Desarrollo Urbano -  |z Brasil 
650 |a Desarrollo Urbano 
650 |a Urbanismo -  |z Brasil 
650 |a Urbanismo -  |x Metodología 
650 |a Urbanismo -  |x Tema Principal 
910 |a Fondo General 
920 |a Impresos - Libros 
930 |a Colección General 
905 |a 101 
901 |a 0500222324  |b IT1  |c ACC  |u 20250521 
902 |a https://opac.biblio.iteso.mx/vufind/Record/000332532